Sports Quiz

Random Sports or Baseball Quiz

MLB World Series Droughts Quiz Stats

 Plays Quiz Updated Oct 27, 2020

Support Sporcle.
Go Orange.
Score 0/17 Timer 02:00
23 Plays Today
Seasons Team % Correct
72Cleveland Indians
75.7%
23Tampa Bay Rays
75.1%
44Seattle Mariners
74.2%
60Texas Rangers
71.3%
25Atlanta Braves
70.3%
41Pittsburgh Pirates
70.3%
19Arizona Diamondbacks
70%
52San Diego Padres
64.4%
52Milwaukee Brewers
62.2%
Seasons Team % Correct
31Oakland Athletics
60.6%
30Cincinnati Reds
56.6%
34New York Mets
55.6%
27Toronto Blue Jays
51.5%
29Minnesota Twins
49.8%
28Colorado Rockies
49.4%
37Baltimore Orioles
47.8%
36Detroit Tigers
44.8%

You're not logged in!

Compare scores with friends on all Sporcle quizzes.
OR
Log In
Forgot?

From the Vault

Sports Mascot Blitz II

by Thebiguglyalien

Round third and head for home!
Remove Ads.
Support Sporcle.
Get the best of Sporcle when you Go Orange. This ad-free experience offers more features, more stats, and more fun while also helping to support Sporcle. Thank you for becoming a member.

Show Comments

Extras

Top Quizzes Today


Score Distribution

Your Account Isn't Verified!

In order to create a playlist on Sporcle, you need to verify the email address you used during registration. Go to your Sporcle Settings to finish the process.

Report this User

Report this user for behavior that violates our Community Guidelines.

Details: